Statistiques concernant Top 10 des villes les plus peuplées du Montana

Cliquez ici pour prendre le quiz!

Statistiques générales

  • Ce quiz a été pris 4 fois
  • Le résultat moyen est 4 sur 10

Statistiques - réponses

PopulationVilles% Correct
109 059Billings
75%
29 596Helena
75%
69 122Missoula
50%
9 329Anaconda
25%
39 860Bozeman
25%
33 854Butte
25%
59 351Great Falls
25%
9 771Havre
25%
20 972Kalispell
25%
8 646Miles City
25%

Distribution des résultats

Percentile par nombre de réponses

% des personnes avec chaque résultat

Votre développement - résultats

Vous n’avez pas pris ce quiz